00573 a2200145 4500245006200000020002500062250001800087650001500105005001700120260003200137084002000169300008000189500014100269999001700410 a31 ways to change the worldb : we are what we dohprint a9780763645069 (pbk.) a1st U.S. ed.. aliterature20191021095634.0 amaubCandlewick Pressc2010 aHM831 .T14 2010 a67 p. : ill. (chiefly col.) b 23 cm.c67 p. : ill. (chiefly col.) ; 23 cm. aproduced by Nick Stanhope ; art direction and design by New Future Graphic ; writtten by Tanis Taylor and 4,386 children (more or less). c12490d12490